| 000 | 00413nam a2200145 a 4500 | ||
|---|---|---|---|
| 001 | 000037063 | ||
| 005 | 20200930080122.0 | ||
| 008 | 120209s1991 cu 000 0 spa d | ||
| 040 |
_aDO-SdBNP _bspa _cBNPHU |
||
| 082 |
_axxxx _bE74M |
||
| 100 | 1 |
_aEscobar, Froilán _963473 |
|
| 245 | 1 | 0 |
_aMartí a flor de labios / _cFroilán Escobar. |
| 260 |
_aLa Habana : _bPolítica, _c1991. |
||
| 300 |
_a177 p. : _bils. ; _c20 cm. |
||
| 999 |
_c36553 _d36553 |
||